000 00601nam a2200193Ia 4500
003 3228
005 20260618124229.0
008 210818s9999 xx 000 0 und d
020 _a9780702172649
040 _aMPL
_c3228
_erda
082 0 _a370.153 COET
100 _a COETZEE, Melinde Cape Town, 2007
_946702
245 0 _aEmotional intelligence in the classroom : the secret of happy teachers
260 _aCape Town:
_bJuta,
_c2007.
300 _avi, 154 pages,
_bIllustrations,
_c24 cm.
504 _aIncludes bibliographical references and index
521 _aAdults
942 _cBK
_2ddc
_y396
_zZanele Zitha
999 _c428992
_d428991